Power plant engineering : (Record no. 7080)

MARC details
000 -LEADER
fixed length control field 00642nam a22001697a 4500
003 - CONTROL NUMBER IDENTIFIER
control field OSt
005 - DATE AND TIME OF LATEST TRANSACTION
control field 20251215064355.0
008 - FIXED-LENGTH DATA ELEMENTS--GENERAL INFORMATION
fixed length control field 251215b |||||||| |||| 00| 0 eng d
040 ## - CATALOGING SOURCE
Original cataloging agency DWC-Main lib
Transcribing agency OC
082 ## - DEWEY DECIMAL CLASSIFICATION NUMBER
Classification number Circ. 621.4 M836 1953
100 ## - MAIN ENTRY--PERSONAL NAME
Personal name Morse, F.
245 ## - TITLE STATEMENT
Title Power plant engineering :
Remainder of title the theory and practice of stationary electric generating plants : adapted to MKS Units
Statement of responsibility, etc. Morse, Frederick T.
260 ## - PUBLICATION, DISTRIBUTION, ETC.
Place of publication, distribution, etc. Quezon City :
Name of publisher, distributor, etc. Ken Inc.,
Date of publication, distribution, etc. c1953
300 ## - PHYSICAL DESCRIPTION
Extent xii, 687 pages :
Other physical details illustration ;
Dimensions 22 cm.
504 ## - BIBLIOGRAPHY, ETC. NOTE
Bibliography, etc. note Includes index.
942 ## - ADDED ENTRY ELEMENTS (KOHA)
Source of classification or shelving scheme Dewey Decimal Classification
Koha item type Book Circulation
Classification part Circ. 621.4 M836 1953
Call number prefix Circ.
Suppress in OPAC No
952 ## - LOCATION AND ITEM INFORMATION (KOHA)
--
Holdings
Withdrawn status Lost status Source of classification or shelving scheme Damaged status Not for loan Home library Current library Shelving location Date acquired Source of acquisition Cost, normal purchase price Total Checkouts Full call number Barcode Date last seen Copy number Price effective from Koha item type Uniform Resource Identifier
    Dewey Decimal Classification     College Library College Library Circulation 08/04/2005 School Fund 160.00   Circ. 621.4 M836 1953 CL42209 12/15/2025 c1 12/15/2025 BK-CIRC